| 000 | 00598nam a22001937a 4500 | ||
|---|---|---|---|
| 999 |
_c9695 _d9695 |
||
| 003 | AR-CdUCM | ||
| 008 | 190328b ||||| |||| 00| 0 spa d | ||
| 040 |
_aMUNICIPALIDAD PROVINCIAL DEL CUSCO _cBIBLIOTECA MUNICIPAL DEL CUSCO |
||
| 041 | _hru. | ||
| 082 |
_a891.57 / _bK14T / 1942 |
||
| 100 |
_aallinikov, Iosif _926066 |
||
| 245 |
_aTolstoy : _b(Vida íntima) / |
||
| 260 |
_aBuenos Aires : _bTalleres gráficos de Bartolome U, _c1942. |
||
| 300 |
_a274 paginas ; _c20 cm. |
||
| 505 | _aContenido : | ||
| 650 |
_aTolstoy, León, conde, 1828-1910 _926067 |
||
| 942 |
_2ddc _cLIBROS |
||
| 945 | _arjall | ||